Williams-Sonoma Collection: Soup : (Record no. 617701)

MARC details
000 -LEADER
fixed length control field 00414nam a2200169 a 4500
008 - FIXED-LENGTH DATA ELEMENTS--GENERAL INFORMATION
fixed length control field 260313s2001##################000#0#eng##
020 ## - INTERNATIONAL STANDARD BOOK NUMBER
ISBN 9780743224444
Paper back/Hardbound pbk
041 ## - LANGUAGE CODE
Language code of text/sound track or separate title eng
082 04 - DEWEY DECIMAL CLASSIFICATION NUMBER
Classification number 641.813
Item number SON
100 1# - MAIN ENTRY--AUTHOR NAME
Personal name Worthington, Diane Rossen,
245 10 - TITLE STATEMENT
Title Williams-Sonoma Collection: Soup :
260 ## - PUBLICATION, DISTRIBUTION, ETC. (IMPRINT)
Year of publication 2001.
300 ## - PHYSICAL DESCRIPTION
Number of Pages 126 pages
650 #0 - SUBJECT ADDED ENTRY--TOPICAL TERM
Topical Term Cooking.
942 ## - ADDED ENTRY ELEMENTS (KOHA)
Koha item type English Books
Holdings
Withdrawn status Lost status Damaged status Not for loan Home library Current library Shelving location Date acquired Full call number Accession Number Price effective from Koha item type
        Anna Centenary Library Anna Centenary Library 6TH FLOOR, A WING 13.03.2026 641.813 SON 449594 13.03.2026 English Books

Find us on the map